Exam Preparatory Manual for Nurses Anatomy & Physiology (Record no. 1756)

MARC details
000 -LEADER
Fixed length control field 00516nam a22002057a 4500
003 - CONTROL NUMBER IDENTIFIER
Control field IIN
005 - DATE AND TIME OF LATEST TRANSACTION
Control field 20250428141853.0
008 - FIXED-LENGTH DATA ELEMENTS--GENERAL INFORMATION
Fixed length control field 250428b |||ad||| |||| 001 0 eng d
020 ## - INTERNATIONAL STANDARD BOOK NUMBER / ISBN
International Standard Book Number 9789389587524
Price 625.00
040 ## - CATALOGING SOURCE
Original cataloging agency IIN
082 ## - DEWEY DECIMAL CLASSIFICATION NUMBER
Classification number 612
Book Number SUM
100 ## - MAIN ENTRY--PERSONAL NAME
Personal name Suma HY
245 ## - TITLE STATEMENT
Title Exam Preparatory Manual for Nurses Anatomy & Physiology
Statement of responsibility Suma HY
260 ## - IMPRINT
Place of publication New Delhi
Name of publisher Jaypee
Date of publication 2022
300 ## - PHYSICAL DESCRIPTION
Page / Vol. No xii, 417 p.
Other physical details ill.
500 ## - GENERAL NOTE
General note Includes Index
650 ## - SUBJECT ADDED ENTRY--TOPICAL TERM
Topical term Anatomy
650 ## - SUBJECT ADDED ENTRY--TOPICAL TERM
Topical term Physiology
942 ## - ADDED ENTRY ELEMENTS (KOHA)
Koha item type Books
Holdings
Withdrawn status Lost status Source of classification Damaged status Not for loan Collection code Home library Current library Shelving location Date acquired Price Total Checkouts Call number Accession number Date last seen Price effective from Koha item type
    Dewey Decimal Classification     Purches Book IDEAL INSTITUTE OF NURSING IDEAL INSTITUTE OF NURSING General Stacks 11/03/2025 625.00   612 SUM 1910 28/04/2025 28/04/2025 Reference Books
© Ideal Institute Of Nursing, All rights reserved.         Powered by Koha